000 01772nam a2200481 i 4500
001 196072
003 ES-MaACL
005 20250429063013.0
008 240811s2004 sp | ||| ||spa
016 7 _abimoBNE20040529961
_2SpMaBN
016 _aBNE20042431583
016 _aBNE20042383444
016 _aBNE20042640002
017 _aM 2823-2004
_bOficina Depósito Legal Madrid
020 _a8436249984
035 _a(OCoLC)434330822
035 _a(SpMaBN)bimo0001946916
035 _a30570591-34bne_inst
035 _a30570590-34bne_inst
035 _a30570589-34bne_inst
035 _a991004492679708606
040 _aSpMaBN
_bspa
_cSpMaBN
_erdc
080 _a37(460)(091)(075.8)
245 0 0 _aHistoria de la educación en España :
_bautores, textos y documentos /
_cdirigido por Olegario Negrín Fajardo.
250 _aPrimera edición: marzo, 2004
260 _aMadrid :
_bUNED,
_c2004.
300 _a674 p. :
_c24 cm.
336 _2rdacontent
_atexto
337 _2rdamedia
_asin mediación
338 _2rdacarrier
_avolumen
490 1 _aCuadernos de la UNED
504 _aIncluye referencias bibliográficas e índices
650 4 _aEnseñanza-
_zEspaña-
_vHistoria
_2embne
_912285
700 0 _aNegrín Fajardo, Olegario
_985310
_epbl
830 0 _9238033
_aCuadernos de la UNED
852 _aES-MaACL
_bR.153610
_cDEPOJ
_jN-9199
_hDonación: Olegario Negrín Fajardo
_xEncuadernación rústica con solapas
_9205104
883 1 _aCotejo registros de fondos y signatura-ítem
_d20220521
903 _985310
_aNegrín Fajardo, Olegario
_ednr
942 _cMONOGRAFIA
_n0
999 _c196072
_d196072